| 000 | 00869nas a2200289 4500 | ||
|---|---|---|---|
| 001 | BR2016003891 | ||
| 003 | BR-BrBNA | ||
| 005 | 20231205130609.0 | ||
| 007 | ta | ||
| 008 | 230509b bl.|||p| |||| 00| 00por d | ||
| 040 |
_aBR-BrBNA _bpor _cBiblioteca Nacional de Agricultura |
||
| 041 | _a(En) | ||
| 072 | _aF50 | ||
| 100 | 1 | _aSouza, T.C. de | |
| 100 | 1 | _aMagalhães, P.C. | |
| 100 | 1 | _aCastro, E.M. de | |
| 100 | 1 | _aDuarte, V.P. | |
| 100 | 1 | _aLavinsky, A.O. | |
| 245 | 1 | _aCorn root morphoanatomy at different development stages and yield under water stress | |
| 650 | _aMILHO | ||
| 650 | _aHÍBRIDO | ||
| 650 | _aMORFOLOGIA VEGETAL | ||
| 650 | _aRENDIMENTO | ||
| 773 | 0 |
_tPesquisa Agropecuária Brasileira (Brazil) _xISSN 0100-204X _g(Apr 2016), v. 51(4) p. 330-339 _wBR2016003891 |
|
| 909 |
_a202311 _bLúcia _c55 _dLúcia Elande |
||
| 942 |
_2AGRIS _n0 _cANA |
||
| 999 |
_c250265 _d250265 |
||